Tuyển tập Nguyên Hồng

Saved in:
Bibliographic Details
Main Author: Nguyên Hồng
Format: Book
Tags: Add Tag
No Tags, Be the first to tag this record!
Institutions: Mạng thư viện Đại học Đà Nẵng
LEADER 00560nam a2200205 4500
001 000005190
003 1333
005 20150812140849.0
008 110811s sd
100 0 |a Nguyên Hồng 
245 0 0 |a Tuyển tập Nguyên Hồng  |c Nguyên Hồng 
774 |a Nguyên Hồng  |d Văn học  |d H.  |d 1985  |g Tập 1  |h 440 tr  |w 1334 
OWN |a LSP 
999 |a From the UDN01 
TYP |a Monograph 
TYP |a Printed language 
980 |a Mạng thư viện Đại học Đà Nẵng